| 000 | 00936nam0a2200265 4500 | ||
|---|---|---|---|
| 001 | RU\NLR\b_ik\171116 | ||
| 005 | 20260406131834.0 | ||
| 035 | _a(NLR Aleph) 002243827 | ||
| 090 |
_a3594811 _c3594811 |
||
| 100 | _a20080718d2008 |||y0rusy50 ca | ||
| 101 | 1 |
_aeng _crus |
|
| 102 | _aRU | ||
| 105 | _aac ||||||||| | ||
| 200 | 1 |
_aRuslan and Ludmila _ea poem _fAlexander Pushkin _gtransl. from the Russian by Irina Zheleznova _gill. by Boris, Kaleria, a. Svetlana Kukuliev |
|
| 210 |
_aMoscow _cRaduga _d2008 |
||
| 215 |
_a132, [1] с. _cцв. ил., портр. _d27 |
||
| 686 | 2 | _aШ6(2=Р)57англ. | |
| 700 | 1 |
_4070 _8rus _7ba _aPuškin _bA. S. _cпоэт _f1799-1837 _gAleksandr Sergeevič _3RU\NLR\AUTH\771614 _9111634 |
|
| 702 | 1 |
_aŽeleznova _bI. L. _f-1987 _gIrina L'vovna _4730 |
|
| 702 | 1 |
_aKukuliev _bB. _gBoris _4440 |
|
| 801 | 0 |
_aRU _bNLR _c20080718 _gRCR |
|
| 942 | _cBOOK | ||
| 980 | _aNB | ||